书目信息 |
| 题名: |
契诃夫手记
|
|
| 作者: | 契诃夫 著 | |
| 分册: | ||
| 出版信息: | 天津 百花文艺出版社 2000.04 |
|
| 页数: | 284页 | |
| 开本: | 32开 | |
| 丛书名: | ||
| 单 册: | ||
| 中图分类: | I512.64 | |
| 科图分类: | ||
| 主题词: | 文学 | |
| 电子资源: | ||
| ISBN: | 7-5306-2991-3 | |
| 000 | 00528nam0 2200193 45 | |
| 001 | 0011071883 | |
| 005 | 20001107184907.5 | |
| 010 | @a7-5306-2991-3@d14.50元 | |
| 100 | @a20001107d2000 km y0chiy0120 ea | |
| 101 | 0 | @achi |
| 105 | @a z 000yy | |
| 200 | 1 | @a契诃夫手记@AQi He Fu Shou Ji@f(俄)契诃夫著@F(E)Qi He Fu Zhu |
| 210 | @a天津@c百花文艺出版社@d2000.04 | |
| 215 | @a284页@d32开 | |
| 606 | 0 | @a文学 |
| 690 | @aI512.64@v3 | |
| 701 | 0 | @a契诃夫@4著 |
| 801 | @aCN@bPftUser@c20001107 | |
| 905 | @b211497-501@dI512.64@eQ242@f5 | |
| 契诃夫手记/(俄)契诃夫著.-天津:百花文艺出版社,2000.04 |
| 284页;32开 |
| ISBN 7-5306-2991-3:14.50元 |
| ● |
| 相关链接 |
|
|
|
正题名:契诃夫手记
索取号:I512.64/Q242
 
预约/预借
| 序号 | 登录号 | 条形码 | 馆藏地/架位号 | 状态 | 备注 |
| 1 | 211497 | 202114979 | 文学库116/116文学库 17排3列1层/ [索取号:I512.64/Q242] | 在馆 | |
| 2 | 211498 | 202114988 | 社科二线422/422社科库 32排4列2层/ [索取号:I512.64/Q242] | 在馆 | |
| 3 | 211499 | 202114997 | 文学库116/116文学库 17排3列1层/ [索取号:I512.64/Q242] | 在馆 | |
| 4 | 211500 | 202115004 | 社科二线400B/400B社科库 28排1列4层/ [索取号:I512.64/Q242] | 在馆 | |
| 5 | 211501 | 202115013 | 文学库116/116文学库 17排3列1层/ [索取号:I512.64/Q242] | 在馆 |